000 00702cam a2200253 4500500
005 20260405003623.0
041 _afre
042 _adc
100 1 0 _aPernes, Caroline
_eauthor
245 0 0 _aD’images et d’eau fraîche
260 _c2022.
500 _a33
690 _aBeauté
690 _aEsthétique
690 _aImage
690 _aImages
690 _aMona Chollet
690 _aPhotographie
690 _aRegard
690 _aReprésentation
690 _aSerge Rezvani
786 0 _nPhilosophie magazine | 165 | 12 | 2022-12-01 | p. 52-53 | 1951-1787
856 4 1 _uhttps://shs.cairn.info/magazine-philosophie-magazine-2022-12-page-52?lang=fr&redirect-ssocas=7080
999 _c2069341
_d2069341